00381nam a2200121Ia 4500003000400000005001700004008004100021040001800062041000800080100003700088245010100125260003300226OSt20260128122609.0211028s2018 xx 000 0 und d cAIMIT LIBRARY aeng aAnjali, P; Dias, Beena.g1616017 aStudy on relationship between work stress and quality of work life at Abudhabi motors Abudhabi / aMangalorebBeena Dias.c2018